Growing, braving challenges (Record no. 60110)

MARC details
000 -LEADER
fixed length control field 00529nam a2200133Ia 4500
100 ## - MAIN ENTRY--AUTHOR NAME
Personal name Matade Sharad
245 #0 - TITLE STATEMENT
Title Growing, braving challenges
260 ## - PUBLICATION, DISTRIBUTION, ETC. (IMPRINT)
Name of publisher Rubber Asia
Year of publication 2013
300 ## - PHYSICAL DESCRIPTION
Number of Pages 88
520 ## - SUMMARY, ETC.
Summary, etc The auto rubber components industry in indias Mumbai- Pune belt, the main hub, is on the growth trackin spite of certain deterring factors such as unfriendly Government policies, growing labourcost and inadequate infrastructure support
650 ## - SUBJECT ADDED ENTRY--TOPICAL TERM
Topical Term Rubber
942 ## - ADDED ENTRY ELEMENTS (KOHA)
Koha item type Journals
Holdings
Withdrawn status Lost status Damaged status Not for loan Home library Current library Shelving location Date acquired Serial Enumeration / chronology Koha item type
      Journals RRII Library RRII Library Rubber general 22/08/2013 Volume 27, Issue 1 Journals